Tiempos recios

Αποθηκεύτηκε σε:
Λεπτομέρειες βιβλιογραφικής εγγραφής
Κύριος συγγραφέας: Vargas Llosa, Mario (autor)
Μορφή: Βιβλίο
Έκδοση: Santiago, Chile: Alfaguara, 2019.
Έκδοση:Primera edición en Chile.
Σειρά:Narrativa Hispánica. Premio Nobel de Literatura.
Θέματα:
Ετικέτες: Προσθήκη ετικέτας
Δεν υπάρχουν, Καταχωρήστε ετικέτα πρώτοι!

MARC

LEADER 00000nam a22000007a 4500
003 CL-VaPUC
005 20220822114457.0
008 220608b2019 ||||| |||| 00| 0 eng d
999 |c 435865  |d 435863 
020 |a 978-956-384-139-8 
040 |c Pontificia Universidad Católica de Valparaíso 
082 7 |a Pe863 VAR 2019  |2 22 
100 1 |a Vargas Llosa, Mario  |e autor  |9 318800 
245 |a Tiempos recios  
250 |a Primera edición en Chile. 
260 |a Santiago, Chile:   |b Alfaguara,  |c 2019. 
300 |a 351 páginas. 
490 |a Narrativa Hispánica. Premio Nobel de Literatura.  
500 |a c.1 Donación Familia Prof. Alejandro Guzmán Brito. 
583 |c 20220608  |k Cristina María Rojas Aguilar 
650 |a Novela peruana  |9 347320 
650 |a Guerra fría   |x Novela   |9 870388 
651 |a Guatemala   |x Historia  |y 1945  |v Novela   |9 870389 
942 |2 ddc  |c BK  |n 0 
952 |0 0  |1 0  |2 ddc  |4 0  |6 PE_863_000000000000000_VAR_2019  |7 1  |8 C_AGB  |9 583540  |a BIBDER  |b BIBDER  |d 2022-06-08  |e Donación   |i 5651660  |l 1  |m 1  |o Pe863 VAR 2019  |p 5651660  |r 2025-05-02  |s 2025-04-16  |t 1  |w 2022-06-08  |y BK_US  |k AGB